Štúdium prípravy a možností zužitkovania glycerol karbonátu diplomová práca

Guardado en:
Detalles Bibliográficos
Autor principal: Bračíková, Lucia
Formato: Libro
Lenguaje:eslovaco
Publicado: Bratislava STU FCHPT 2018
Acceso en línea:Ver en el OPAC
Etiquetas: Agregar Etiqueta
Sin Etiquetas, Sea el primero en etiquetar este registro!

MARC

LEADER 00000nam a2200000 a 4500
005 20260127134120.0
008 181109 2018 xo a 001 0 slo d
035 |a vtls011789861 
039 9 |y 201811091028  |z mschk03 
040 |a STUSCHK1  |b slo  |c STUSCHK1  |e AACR2 
100 1 |a Bračíková, Lucia 
245 1 |a Štúdium prípravy a možností zužitkovania glycerol karbonátu  |b diplomová práca  |c Lucia Bračíková 
260 |a Bratislava  |b STU FCHPT  |c 2018 
300 |a 83 s.  |b il.  |c 25 cm 
500 |a Študijný program: chemické technológie 
500 |a Študijný odbor: chemické technológie 
500 |a Školiace pracovisko: Oddelenie organickej technológie, katalýzy a ropy 
500 |a Evid. č.: FCHPT-5439-64951 
910 |a SCHK95 
999 |c 4429  |d 4429